النموذج التطبيقي لإعداد دراسة جدوى فعالة / (رقم التسجيلة. 40795)

تفاصيل مارك
000 -الفاتح
حقل البيانات ثابتة الطول 00825nam a22002177a 4500
003 - محدد رقم الضبط
رقم الضبط OSt
005 - وقت وتاريخ اخر تعامل مع التسجيلة
رقم الضبط 20170909133846.0
008 - عناصر البيانات ثابتة الطول - معلومات عامة
حقل البيانات ثابتة الطول 170814s2017 ua a g b 000 0 ara d
020 ## - الرقم الدولى المعيارى للكتب
الرقم الدولى المعيارى للكتاب 9789773805227
040 ## - مصدر الفهرسة
وكالة الفهرسة الأصلية Ma-Un
لغة الفهرسة ara
وكالة النسخ Dar Arab
082 04 - رقم تصنيف ديوى العشرى
رقم التصنيف 658.4012
رقم المادة ط م ن
رقم الطبعة 21
100 ## - المدخل الرئيسى - إسم شخصى
9 (RLIN) 58643
الإسم الشخصى طلحة، محمد السيد البدوي
245 10 - بيان العنوان
العنوان النموذج التطبيقي لإعداد دراسة جدوى فعالة /
بيان المسئوليه,etc محمد السيد البدوي الدسوقي طلحة.
250 ## - بيان الطبعة
بيان الطبعة ط. 1.
260 ## - PUBLICATION, DISTRIBUTION, ETC. (IMPRINT)
مكان الناشر او الموزع القاهرة :
اسم الناشر او الموزع دار العلوم للنشر والتوزيع،
تاريخ النشر أو التوزيع 2017.
300 ## - الوصف المادى
التعداد 122 ص. ؛
أبعاد الوعاء 24 سم.
504 ## - تبصرة ببليوجرافية
تبصرة ببليوجرافية,الخ يشتمل علي إرجاعات ببليوجرافية.
650 #4 - المدخل الاضافى بالموضوع-مصطلح موضوعى
مصطلح موضوعي أو اسم جغرافي كعنصر مدخل دراسة الجدوى
9 (RLIN) 9697
650 #4 - المدخل الاضافى بالموضوع-مصطلح موضوعى
مصطلح موضوعي أو اسم جغرافي كعنصر مدخل لمشروعات
التقسيم الفرعي العام تخطيط
9 (RLIN) 59428
942 ## - عناصر المدخل الإضافي( كوها)
Koha [default] item type كتاب
المقتنيات
حالة الفقد نموذج السعر الفعال حالة تلف ليس للاعارة رقم الطلب رقم النسخة تاريخ الاكتساب الموقع الحالي الباركود الفرع الرئيسي Date last seen نوع المادة فى نظام كوها مصدر التصنيف او خطة الترفيف Total Checkouts
  2017-09-09   Not For Loan 658.4012 ط م ن 1 2017-09-09 المكتبة المركزية بالمجمعة (CL) 00233467 المكتبة المركزية بالمجمعة (CL) 2017-09-09 كتاب Dewey Decimal Classification  
  2017-09-09     658.4012 ط م ن 2 2017-09-09 المكتبة المركزية بالمجمعة (CL) 00233468 المكتبة المركزية بالمجمعة (CL) 2017-09-09 كتاب Dewey Decimal Classification  
  2017-09-09     658.4012 ط م ن 3 2017-09-09 المكتبة المركزية بالمجمعة (CL) 00233469 المكتبة المركزية بالمجمعة (CL) 2017-09-09 كتاب Dewey Decimal Classification  
  2017-09-09   Not For Loan 658.4012 ط م ن 1 2017-09-09 قسم الاجراءات الفنية (IC) 00233472 قسم الاجراءات الفنية (IC) 2017-09-09 كتاب Dewey Decimal Classification  
  2017-09-09     658.4012 ط م ن 2 2017-09-09 قسم الاجراءات الفنية (IC) 00233473 قسم الاجراءات الفنية (IC) 2017-09-09 كتاب Dewey Decimal Classification  
  2017-09-09   Not For Loan 658.4012 ط م ن 1 2017-09-09 قسم الاجراءات الفنية (IC) 00233474 قسم الاجراءات الفنية (IC) 2017-09-09 كتاب Dewey Decimal Classification  
  2017-09-09     658.4012 ط م ن 2 2017-09-09 قسم الاجراءات الفنية (IC) 00233475 قسم الاجراءات الفنية (IC) 2017-09-09 كتاب Dewey Decimal Classification  
  2017-09-09   Not For Loan 658.4012 ط م ن 1 2017-09-09 قسم الاجراءات الفنية (IC) 00233480 قسم الاجراءات الفنية (IC) 2017-09-09 كتاب Dewey Decimal Classification  
  2017-09-09     658.4012 ط م ن 2 2017-09-09 قسم الاجراءات الفنية (IC) 00233481 قسم الاجراءات الفنية (IC) 2017-09-09 كتاب Dewey Decimal Classification  
  2017-09-09   Not For Loan 658.4012 ط م ن 1 2017-09-09 كلية الشريعة والقانون - طالبات 00233482 كلية الشريعة والقانون - طالبات 2017-09-09 كتاب Dewey Decimal Classification  
  2017-09-09     658.4012 ط م ن 2 2017-09-09 كلية الشريعة والقانون - طالبات 00233483 كلية الشريعة والقانون - طالبات 2017-09-09 كتاب Dewey Decimal Classification  
  2017-09-09   Not For Loan 658.4012 ط م ن 1 2017-09-09 مكتبة كلية العلوم و الدراسات الإنسانية برماح - طالبات (SRF) 00233478 مكتبة كلية العلوم و الدراسات الإنسانية برماح - طالبات (SRF) 2017-09-09 كتاب Dewey Decimal Classification  
  2017-09-09     658.4012 ط م ن 2 2017-09-09 مكتبة كلية العلوم و الدراسات الإنسانية برماح - طالبات (SRF) 00233479 مكتبة كلية العلوم و الدراسات الإنسانية برماح - طالبات (SRF) 2017-09-09 كتاب Dewey Decimal Classification  
  2017-09-09   Not For Loan 658.4012 ط م ن 1 2017-09-09 مكتبة كلية العلوم و الدراسات الإنسانية برماح - طلاب (SRM) 00233476 مكتبة كلية العلوم و الدراسات الإنسانية برماح - طلاب (SRM) 2017-09-09 كتاب Dewey Decimal Classification  
  2017-09-09     658.4012 ط م ن 2 2017-09-09 مكتبة كلية العلوم و الدراسات الإنسانية برماح - طلاب (SRM) 00233477 مكتبة كلية العلوم و الدراسات الإنسانية برماح - طلاب (SRM) 2017-09-09 كتاب Dewey Decimal Classification  
  2017-09-09   Not For Loan 658.4012 ط م ن 1 2017-09-09 مكتبة مجمع الكليات بالزلفى - طلاب (SZM) 00233470 مكتبة مجمع الكليات بالزلفى - طلاب (SZM) 2017-09-09 كتاب Dewey Decimal Classification  
  2017-09-09     658.4012 ط م ن 2 2017-09-09 مكتبة مجمع الكليات بالزلفى - طلاب (SZM) 00233471 مكتبة مجمع الكليات بالزلفى - طلاب (SZM) 2017-09-09 كتاب Dewey Decimal Classification